La batalla por las medidas cautelares: Derecho comunitario europeo y proceso contencioso-administrativo español
Guardat en:
| Autor principal: | |
|---|---|
| Format: | Llibre |
| Idioma: | espanyol |
| Publicat: |
Pamplona
Aranzadi S. A
2004
|
| Edició: | 3a. ed |
| Matèries: | |
| Etiquetes: |
Afegir etiqueta
Sense etiquetes, Sigues el primer a etiquetar aquest registre!
|
MARC
| LEADER | 00000cam a2200000 a 4500 | ||
|---|---|---|---|
| 001 | UCC0641 | ||
| 003 | CL-VaPUC | ||
| 008 | 170825e20040000sp |||||||||||||||||spa|d | ||
| 020 | |a 8447025160 | ||
| 082 | 0 | 4 | |a 341.753 |b GAR |2 21 |
| 100 | 0 | |a García de Enterría, Eduardo |e author |9 254850 | |
| 245 | 1 | 3 | |a La batalla por las medidas cautelares: Derecho comunitario europeo y proceso contencioso-administrativo español |
| 250 | |a 3a. ed | ||
| 300 | |a 476 p | ||
| 942 | |c BK | ||
| 945 | |d 20170825 13:52:00 |a dcastane | ||
| 260 | |a Pamplona |b Aranzadi S. A |c 2004 | ||
| 650 | 0 | |a DERECHO COMUNITARIO |9 381957 | |
| 650 | 0 | |a Medidas cautelares |9 256590 | |
| 583 | |a last modification |c 20170825 13:52:00 |k Rodrigo Vera | ||
| 999 | |c 369415 |d 369413 | ||
| 952 | |0 0 |1 0 |3 erd |4 0 |6 341_753000000000000_GAR_2004 |7 0 |8 A |9 485181 |a BIBDER |b BIBDER |i 541864K |o 341.753 GAR 2004 |p 541864K |r 2023-01-25 |w 2019-11-24 |y BK |z Catalogado en:20170825 |k DER | ||